| 000 | 00839nam a22002777a 4500 | ||
|---|---|---|---|
| 003 | CHAP | ||
| 005 | 20220329134825.0 | ||
| 008 | 971013s1977 r 00010 d | ||
| 010 | _a26534 | ||
| 011 | _a27506 | ||
| 035 | _a31607 | ||
| 040 | _cCHAP | ||
| 082 |
_a600 _bC6 |
||
| 100 | 0 | 0 |
_aCongdon, R. J. _926651 |
| 245 |
_aIntroduction to appropriate technology _b: towar a simpler life style |
||
| 260 |
_aEmmaus, Pa. : _bRodale Press, _c1977 |
||
| 300 |
_a205 p. _b: ilus. |
||
| 590 |
_aBATCH-UPD _b10 _c20130110 _lUCH01 _h1208 |
||
| 590 |
_aBATCH-UPD _b10 _c20130410 _lUCH01 _h0748 |
||
| 590 |
_aBATCH-UPD _b10 _c20130914 _lUCH01 _h2042 |
||
| 590 |
_aCONVERSION _b10 _c20130109 _lUCH01 _h1315 |
||
| 650 | 1 | 4 |
_aTecnologĂa. _9111937 |
| 901 | _aBK | ||
| 942 | _cLIBRO | ||
| 949 |
_a600 C6 _bBC _cLIBRO _d33724000011169 _eLIBRO _h54874 _i31607 _mD _si |
||
| 999 |
_c26534 _d26534 |
||